000 01335nam a22002417a 4500
003 BD-DhJNU
005 20260219043319.0
008 260219b |||||||| |||| 00| 0 eng d
020 _a9789849727606
040 _aBD-DhJNU
_bBEN
_cBD-DhJNU
_dBD-DhJNU
082 _223
_a709
100 _aমালিন্স, শার্লোট
242 _aA brief history of art /
_cCharlotte Malins, Kazi Mahbub Hasan (translator), Asma Sultana (translator)
245 _aশিল্পকলার সংক্ষিপ্ত ইতিহাস /
_cশার্লোট মালিন্স, কাজী মাহবুব হাসান (অনুবাদক), আসমা সুলতানা (অনুবাদক)
260 _aঢাকা :
_bদিব্যপ্রকাশ,
_c2023.
300 _a৫১২ পৃ. :
_bচিত্র ;
_c২২ সেমি.।
504 _aগ্রন্থপঞ্জিগত নির্দেশিকা ও নিঘন্ট অন্তভূক্ত
650 _aচিত্রশিল্পের ইতিহাস,
650 _aশিল্পকলা-বিবর্তন
700 _aহাসান, কাজী মাহবুব
_eঅনুবাদক
700 _aসুলতানা, আসমা
_eঅনুবাদক
942 _2ddc
_cBK
_n0
999 _c2639
_d2639